000 00435cam a2200169 4500
001 D13685
008 090401t xxu||||| |||| 00| 0 eng d
035 _a(Sirsi) u11133
041 _aeng
110 _aRating Surveyors' Association
_92328
245 _aMemorandum on Post-War Rating and Valuation
260 _aLondon
_bRating Surveyors` Association
_c194-
350 _a0
520 _aShelf 133
942 _n0
948 _c04/03/1997
999 _c86814
_d86814